000 01572nam0a2200301 4500
001 RU\NLR\bibl\826310
005 20260406124820.0
010 _a5-224-05058-8
_93000
021 _aRU
_b2005-33766
_91693
035 _a(NLR Aleph) 000815207
090 _a1266351
_c1266351
100 _a20050801d2005 |||y0rusy50 ca
101 1 _arus
_cspa
102 _aRU
105 _ay |||||||||
200 1 _aСто лет одиночества
_e[роман, повести, рассказы
_eпер. с исп.]
_fГабриель Гарсия Маркес
210 _aМосква
_cОлма-пресс
_d2005
215 _a375, [2] с.
_d27
225 1 _aБиблиотека мировой литературы
327 1 _aСодерж.: Рассказы: Ева внутри своей кошки; Похороны Великой Мамы; Диалог с зеркалом; Женщина, которая приходила ровно в шесть; Огорчение для троих сомнамбул; Повести: Полковнику никто не пишет; Невероятная и грустная история о простодушной Эрендире и ее жестокосердой бабке; Сто лет одиночества: роман
686 _aШ6(7Кл)07-4{Лх1820}
700 1 _4070
_8rus
_7ca
_aГарсиа Маркес
_bГ.
_f1928-2014
_gГабриэль
_3RU\NLR\AUTH\771267
_9111295
801 0 _aRU
_bNLR
_c20050801
_grcr
801 1 _aRU
_bNLR
_c20050801
942 _cBOOK
980 _aNB